LIBRARY & INFORMATION CENTRE, KCAET, TAVANUR

ONLINE PUBLIC ACCESS CATALOGUE (OPAC)

CHARACTERIZATION OF SOIL MEDIA OF POLYHOUSE CULTIVATION (Record no. 17717)

MARC details
000 -LEADER
fixed length control field 00471nam a22001577a 4500
003 - CONTROL NUMBER IDENTIFIER
control field OSt
082 ## - DEWEY DECIMAL CLASSIFICATION NUMBER
Classification number 631.7
Item number NAR
088 ## - REPORT NUMBER
Report number 579
100 ## - MAIN ENTRY--AUTHOR NAME
Personal name NARENDRAN KS
-- VISMAYA M
-- SANJU VARGHESE JOSE
-- DONA SHIBU
245 ## - TITLE STATEMENT
Title CHARACTERIZATION OF SOIL MEDIA OF POLYHOUSE CULTIVATION
260 ## - PUBLICATION, DISTRIBUTION, ETC. (IMPRINT)
Place of publication TAVANUR
Name of publisher DEPARTMENT OF SOIL AND WATER CONSERVATION ENGINEERING
Year of publication 2023
300 ## - PHYSICAL DESCRIPTION
Number of Pages 73
700 ## - ADDED ENTRY--PERSONAL NAME
Personal name SATHIAN. K K (Guide)
700 ## - ADDED ENTRY--PERSONAL NAME
Personal name ANJALI C.SUNNY
942 ## - ADDED ENTRY ELEMENTS (KOHA)
Koha item type Project Report
Holdings
Collection code Home library Current library Full call number Accession Number Koha item type
Reference KAUAET KAUAET 631.7 NAR P 579 Project Report
free website counter